000 01686nam a2200361 c 4500
003 BLK
005 20180420220302.0
008 180407b bul|||||r ||||||| ||bul||
010 _aKNG00031837000
020 _a954-642-089-1
_bиздат.: Pensoft
040 _aBLK
041 _aBUL
_cBUL
080 _aПрирода. Изучаване и опазване на природната среда. Опазване на растителния и животинския свят. Вж и 55/59
_b502
_x:631/635
_z502:631/635
080 _aБорба с болестите и вредителите на растенията
_b632.9
_x
_z632.9
100 1 _aСтанчева, Йорданка Мирчева
_eпърви автор
_9270167
139 _aСтанчева, Йорданка Мирчева
_bС 70
245 1 0 _aЕкологични основи на земеделието
_cЙорданка Мирчева Станчева.
250 _a2. изд.
257 _aBGR
260 София
_bPensoft
_c2000
_fСофия : Унив. изд. Св. Климент Охридски
300 _a346 с.
_bс цв. ил., табл.
_c24 см
380 _a5
500 _a1. изд. 1999 на изд. ПъблишСайСет - Агри. - Библиогр. с. 327-328
650 4 _aЗемеделие - екологични проблеми
_9270168
650 4 _aСелскостопански култури - екологични проблеми
_9258531
653 _aземеделие
653 _aекология
852 _aЦб 204304
856 4 _qpdf
_u
856 4 _qpdf
_u
942 _cKNG
_n0
944 _aCR
_c15.01.2003
_kГеновева_Генчева
944 _aED
_c30.01.2007
_k
999 _c29225
_d29225